| 000 | 01061pam a2200325 a 4500 | ||
|---|---|---|---|
| 001 | 6358 | ||
| 003 | FISKH | ||
| 005 | 20250424083832.0 | ||
| 008 | 810526s1982 nyua j 000 1 eng | ||
| 010 | _a 81005359 | ||
| 020 | _a052542525X (lib. bdg.) : | ||
| 040 |
_aDLC _beng _cDLC _dDLC |
||
| 050 | _aPZ7.R982 W | ||
| 082 | _a975.4 | ||
| 100 | 1 | _aRylant, Cynthia. | |
| 245 | 1 | 0 |
_aWhen I was young in the mountains / _cby Cynthia Rylant ; illustrated by Diane Goode. |
| 250 | _aFirst Unicorn Edition 1985. | ||
| 260 |
_aNew York : _bPuffin Book, _c1982. |
||
| 300 |
_a32 unnumbered pages : _bcolor illustrations ; _c26 cm |
||
| 505 | _aR | ||
| 520 | _aReminiscences of the pleasures of life in the mountains as a child. | ||
| 521 | 8 |
_a780
_bLexile AD |
|
| 521 | 8 |
_aR
_bRaz-Plus |
|
| 650 | 0 |
_aMountain life _vFiction |
|
| 651 | 0 |
_aUnited States _xSocial life and customs _y20th century _vFiction |
|
| 700 | 1 |
_aGoode, Diane, _eillustrator |
|
| 906 |
_a7 _bcbc _corignew _d1 _eocip _f19 _gy-gencatlg |
||
| 942 |
_2ddc _cBK _n0 |
||
| 999 |
_c6358 _d6358 |
||